000 00710nam a2200265Ia 4500
003 OSt
005 20221006142352.0
006 a|||||r|||| 00| 0
007 ta
008 221006b |||||||| |||| 00| 0 eng d
020 _a0870111590
_c
_7.95
024 _a6,205
037 _cTextual
040 _aEASL
_cEASL
_beng
041 _2eng
_aeng
082 _aO42,3N05,1, L1
100 _aENCHI Fumiko
_9647532
245 0 _aWariting years
260 _aTokyo
_bKodansha International Japan
_c1971
300 _a203p.
_ccm.
490 _v JEL
700 _a BESTER John Tr.
_9622237
942 _hO42,3N05,1, L1
_cTEXL
_2CC
999 _c1074291
_d1074291